[Event "New Castle schev"]
[Site "New Castle on Tyne"]
[Date "1995.??.??"]
[Round "6"]
[White "Ansell, Simon"]
[Black "Marley, Justin C"]
[Result "0-1"]
[WhiteElo "2320"]
[BlackElo "2110"]

1.e4 c5 2.Nf3 d6 3.Bb5+ Bd7 4.Bxd7+ Qxd7 5.c4 e5 6.Nc3 Ne7 7.d3 g6 8.O-O Bg7
9.Rb1 Nbc6 10.Nd5 O-O 11.a3 f5 12.b4 fxe4 13.dxe4 Nd4 14.Nxd4 exd4 15.Nf4 Rab8
16.Nd3 b5 17.Qc2 Qe6 18.Nb2 Rfc8 19.bxc5 bxc4 20.Bg5 c3 21.Bxe7 Rxb2 22.Rxb2 Qxe7
23.Rbb1 dxc5 24.f4 c4 25.e5 Qxa3 26.Rbc1 d3 27.Qxc3 Qxc3 28.Rxc3 Bf8 29.Rd1 Bb4
30.Rdxd3 Bc5+ 31.Kf1 cxd3 32.Rxd3 Rf8 33.g3 a5 34.Rd5 Rc8 35.g4 a4 36.f5 gxf5
37.gxf5 a3 38.Rd2 Ra8 39.Ra2 Bd4  0-1

[Event "Nikolaev zt"]
[Site "Nikolaev"]
[Date "1995.??.??"]
[Round "2"]
[White "Komliakov, Viktor"]
[Black "Guliev, Logman"]
[Result "1/2-1/2"]
[WhiteElo "2535"]
[BlackElo "2345"]

1.e4 c5 2.Nf3 d6 3.Bb5+ Nd7 4.O-O Nf6 5.Re1 a6 6.Bf1 Ne5 7.Nxe5 dxe5 8.a4 b6
9.d3 g6 10.Na3 Bg7 11.Nc4 Nd7 12.Be3 O-O 13.c3 Bb7 14.b4 Bc6 15.bxc5 bxc5
16.Qb3 Qc7 17.Qa3 Bb7 18.a5 Rac8 19.Rab1 Rfd8 20.Rb2 e6 21.Reb1 Rb8 22.Be2 Bf8
23.Bg5 f6 24.Be3 Bc6 25.Qa2 Kf7 26.Nb6 Bb5 27.Bg4 Qd6 28.Nxd7 Bxd7 29.Rb6 Rxb6
30.Rxb6 Qxd3 31.Bxe6+ Kg7 32.h3 Qxe4 33.Qd2 Bc6 34.f3 Rxd2 35.fxe4 Rd1+ 36.Kf2 Bxe4
37.Rxa6 Rf1+ 38.Ke2 Rb1 39.Ra7+ Rb7 40.Rxb7+ Bxb7 41.Bc4 Bxg2 42.a6 f5 43.Bg5 Bd6
44.Bd8 Kf8 45.a7 Ke8 46.Bb6 Kd7 47.Bb5+ Kc8 48.Ba6+ Kd7 49.Bb5+ Ke7 50.Bc4 h6
51.h4 g5 52.hxg5 hxg5 53.Bg8 Kd7 54.Bh7 Kc8 55.Bxf5+ Kb7 56.Bd8 Kxa7 57.c4 Kb7
58.Bxg5 Kc6 59.Kf2 Bh1 60.Ke3 Bc7 61.Be4+ Bxe4 62.Kxe4 Kd6 63.Kf5 Ba5 64.Bh6 Bc3
65.Bf8+ Kc6 66.Bg7 Kd6 67.Bf8+  1/2-1/2

[Event "Nikolaev zt"]
[Site "Nikolaev"]
[Date "1995.??.??"]
[Round "3"]
[White "Vartapetyan, Armen"]
[Black "Guliev, Logman"]
[Result "0-1"]
[WhiteElo "2375"]
[BlackElo "2345"]

1.e4 c5 2.Nf3 d6 3.Bb5+ Bd7 4.Bxd7+ Qxd7 5.c4 Nc6 6.d4 cxd4 7.Nxd4 Nf6 8.Nc3 g6
9.f3 Bg7 10.Be3 O-O 11.Qd2 Rac8 12.b3 Rfd8 13.O-O e6 14.Rfd1 d5 15.exd5 exd5
16.c5 Re8 17.Nxc6 bxc6 18.Bd4 Qf5 19.b4 h5 20.Qf2 Bh6 21.Rab1 Nd7 22.g3 Ne5
23.Kg2 Nc4 24.f4 Bg7 25.b5 Bxd4 26.Rxd4 Ne3+ 27.Kg1 cxb5 28.Rxb5 Re6 29.Rd2 Rce8
30.Rb1 Ng4 31.Qd4 Re3 32.Rf1 h4 33.Nxd5 Re1 34.h3 Rxf1+ 35.Kxf1 Qb1+ 36.Kg2 Qe1
37.Qd3 Ne3+ 38.Nxe3 Rxe3 39.Qd8+ Kg7 40.Qd4+ Kh7 41.Rf2 Rxg3+  0-1

[Event "Nikolaev zt"]
[Site "Nikolaev"]
[Date "1995.??.??"]
[Round "5"]
[White "Kochetkov, German"]
[Black "Guliev, Logman"]
[Result "0-1"]
[WhiteElo "2465"]
[BlackElo "2345"]

1.e4 c5 2.Nf3 d6 3.Bb5+ Nd7 4.O-O Nf6 5.Re1 a6 6.Bf1 b6 7.c4 Bb7 8.Nc3 e6
9.a3 Be7 10.b4 O-O 11.d4 cxd4 12.Qxd4 Qc7 13.Bb2 Rfd8 14.Rac1 Rac8 15.Nd2 Qb8
16.Kh1 Bf8 17.f4 Nh5 18.Qf2 d5 19.e5 dxc4 20.Nxc4 b5 21.Na5 Ba8 22.Ne4 Be7
23.Kg1 f5 24.exf6 Ndxf6 25.Nxf6+ Bxf6 26.Be5 Bxe5 27.Rxc8 Qxc8 28.Rxe5 Nf6
29.Qb6 Bd5 30.Re1 Rf8 31.g3 Qc3 32.Re3 Qc1 33.Qc5 Rc8 34.Qxc1 Rxc1 35.h3 Ne4
36.g4 Nd2  0-1

[Event "Nikolaev zt"]
[Site "Nikolaev"]
[Date "1995.??.??"]
[Round "6"]
[White "Iordachescu, Viorel"]
[Black "Ovsejevitsch, Sergei"]
[Result "1/2-1/2"]
[WhiteElo "2425"]
[BlackElo "2370"]

1.e4 c5 2.Nf3 d6 3.Bb5+ Nd7 4.O-O Nf6 5.Re1 a6 6.Bf1 b6 7.d4 cxd4 8.Nxd4 Bb7
9.c4 e6 10.Nc3 Be7 11.f3 O-O 12.Be3 Rc8 13.Rc1 Qc7 14.Qd2 Qb8 15.Kh1 Bd8
16.Bg1 Bc7 17.Qf2 Kh8 18.b4 Qa8 19.Qb2 Ne5 20.Na4 Nfd7 21.a3 Qb8 22.Qd2 Nc6
23.Nb3 Nce5 24.Nd4 Nc6 25.Nxc6 Bxc6 26.Nc3 Rfe8 27.b5 axb5 28.Nxb5 Nc5 29.Nxc7 Qxc7
30.Rb1 e5 31.Rb4 Ra8 32.Rd1 Red8 33.Qb2 Rdb8 34.Rb1 Ra6 35.Be3 f6 36.Kg1 Kg8
37.h3 Be8 38.Qc3 Rba8 39.Qd2 Bc6 40.Kh2 Kf8 41.Bf2 Rb8  1/2-1/2

[Event "Nikolaev zt"]
[Site "Nikolaev"]
[Date "1995.??.??"]
[Round "6"]
[White "Komliakov, Viktor"]
[Black "Golubev, Mihail"]
[Result "1/2-1/2"]
[WhiteElo "2535"]
[BlackElo "2570"]

1.e4 c5 2.Nf3 d6 3.Bb5+ Bd7 4.Bxd7+ Nxd7 5.O-O Ngf6 6.Nc3 a6 7.a4 g6 8.a5 Bg7
9.d3 O-O 10.Qe2 Rc8 11.Bd2 e6 12.h3 Nb8 13.e5 Ne8 14.Bg5 Qc7 15.Bf4 Nc6 16.exd6 Nxd6
17.Rfe1 Qd8 18.Qd2 e5 19.Bh6 Bxh6 20.Qxh6 f6 21.Ne4 Nxe4 22.dxe4 Nd4 23.Qe3 Rf7
24.Qc3 Nxf3+  1/2-1/2

[Event "Nikolaev zt"]
[Site "Nikolaev"]
[Date "1995.??.??"]
[Round "10"]
[White "Vartapetyan, Armen"]
[Black "Golubev, Mihail"]
[Result "1/2-1/2"]
[WhiteElo "2375"]
[BlackElo "2570"]

1.e4 c5 2.Nf3 d6 3.Bb5+ Bd7 4.Bxd7+ Nxd7 5.d4 cxd4 6.Qxd4 Ngf6 7.Nc3 g6 8.Bg5 Bg7
9.O-O O-O 10.Qd2 Re8 11.Bh6 Bh8 12.Rfe1 Rc8 13.h3 Qa5 14.Nd4 Ne5 15.Qe2 Nc4
16.Nb3 Qb6 17.Nd1 d5 18.exd5 Nxd5 19.c3 a5 20.Rb1 a4 21.Nd2 Nxd2 22.Qxd2 Red8
23.Qc2 Qb5 24.a3 Qb3 25.Qxb3 axb3 26.Ne3 Nxe3 27.Rxe3 Bf6 28.Re4 Rc5 29.Rb4 b5
30.Be3 Rcd5 31.g3 e5 32.Kg2 Be7 33.Rxb3 f5 34.Rc1 Rc8 35.h4 Rc4 36.Re1 Kg7
37.Bg5 Bd6 38.Rh1 f4 39.h5 gxh5 40.gxf4 exf4 41.Bh4 Re4 42.Kf3 Re8 43.c4 bxc4
44.Rc3 Rd2 45.b3 Be5 46.Rxc4 Rd3+ 47.Ke4 Rxb3 48.Ra4 Bd6+ 49.Kd5 Rxa3 50.Rxa3 Bxa3
51.Bg5 f3 52.Be3 Kg6 53.Rh3  1/2-1/2

[Event "JUG-ch sf"]
[Site "Nis"]
[Date "1995.??.??"]
[Round "?"]
[White "Cabrilo, Goran"]
[Black "Cvetkovic, Srdjan"]
[Result "1/2-1/2"]
[WhiteElo "2465"]
[BlackElo "2425"]

1.e4 c5 2.Nf3 d6 3.Bb5+ Nc6 4.O-O Bd7 5.c3 Nf6 6.Re1 a6 7.Bxc6 Bxc6 8.d4 Bxe4
9.Bg5 d5 10.dxc5 e6  1/2-1/2

[Event "JUG-chT"]
[Site "Nis"]
[Date "1995.??.??"]
[Round "?"]
[White "Vujosevic, Vladimir"]
[Black "Nevednichy, Vladislav"]
[Result "1/2-1/2"]
[WhiteElo "2350"]
[BlackElo "2485"]

1.e4 c5 2.Nf3 d6 3.Bb5+ Nd7 4.c3 Nf6 5.Qe2 a6 6.Ba4 b5 7.Bc2 e5 8.O-O Be7
9.d4 O-O 10.Rd1 Qc7 11.d5 c4 12.Nbd2 g6 13.Nf1 Rb8 14.Bh6 Re8 15.Ng3 Nc5
16.b4 cxb3 17.axb3 b4 18.cxb4 Rxb4 19.Bd2 Rb8 20.b4 Ne6 21.dxe6 Qxc2 22.exf7+ Kxf7
23.Rdc1 Qb3 24.Rcb1 Qc2 25.Rc1 Qb3  1/2-1/2

[Event "JUG-chT"]
[Site "Nis"]
[Date "1995.??.??"]
[Round "?"]
[White "Bujisic, Vlastimir"]
[Black "Nevednichy, Vladislav"]
[Result "1/2-1/2"]
[WhiteElo "2280"]
[BlackElo "2485"]

1.e4 c5 2.Nf3 d6 3.Bb5+ Nd7 4.O-O Nf6 5.Re1 a6 6.Bxd7+ Nxd7 7.c3 e6 8.d4 Be7
9.Nbd2 cxd4 10.Nxd4 O-O 11.Nf1 Qc7 12.Qf3 b5 13.Qg3 Re8 14.Bh6 Bf8 15.Rad1 Kh8
16.Bc1 Bb7 17.Qh3 Nc5 18.Ng3 e5 19.Ndf5 Rad8 20.Qg4 Bc8 21.Qf3 Be6 22.b3 f6
23.Ne3  1/2-1/2

[Event "JUG-ch sf"]
[Site "Nis"]
[Date "1995.??.??"]
[Round "?"]
[White "Brajovic, Radovan"]
[Black "Marjanovic, Slavoljub"]
[Result "1/2-1/2"]
[WhiteElo "2340"]
[BlackElo "2425"]

1.e4 c5 2.Nf3 d6 3.Bb5+ Bd7 4.Bxd7+ Nxd7 5.O-O Ngf6 6.Qe2 Rc8 7.d3 g6 8.c3 Bg7
9.d4 cxd4 10.cxd4 e5 11.dxe5 dxe5 12.Nc3 O-O 13.Rd1 Qe7 14.Bg5 Qe6 15.Rd2 h6
16.Bxf6 Nxf6 17.Rad1 a6 18.h3 Rfe8 19.Nd5 Red8 20.Nxf6+ Bxf6 21.Rxd8+ Rxd8
22.Rxd8+ Bxd8 23.Qd2  1/2-1/2

[Event "NLD-chT9596"]
[Site "?"]
[Date "1995.??.??"]
[Round "?"]
[White "Klip, Hans"]
[Black "Bezemer, Arno"]
[Result "0-1"]
[WhiteElo "2345"]
[BlackElo "2225"]

1.e4 c5 2.Nf3 d6 3.Bb5+ Bd7 4.Bxd7+ Qxd7 5.O-O e6 6.c3 Nf6 7.Qe2 Nc6 8.Rd1 Be7
9.d4 cxd4 10.cxd4 d5 11.e5 Ne4 12.Ne1 f6 13.f3 Ng5 14.Nc3 O-O 15.Be3 Rac8
16.f4 Nf7 17.Nf3 Na5 18.f5 exf5 19.Bf4 Ng5 20.exf6 Nxf3+ 21.Qxf3 Bxf6 22.Nxd5 Bd8
23.Kh1 g5 24.Nc3 gxf4 25.d5 Nc4 26.Rab1 Bf6 27.Qxf4 Nxb2 28.Rxb2 Rxc3 29.Re2 Rc5
30.h3 b5 31.d6 Rc4 32.Qf3 Kh8 33.Qd5 a6 34.Re6 Bg7 35.Re7 Qd8 36.Rde1 Bf6
37.R7e6 Rd4 38.Qc6 Rc4 39.Qd5 Rd4 40.Qc6 Rc4 41.Qxa6 Qd7 42.Qa3 Re4 43.R6xe4 fxe4
44.Rxe4 Rd8 45.Qg3 Qxd6 46.Qxd6 Rxd6 47.Rb4 Rd1+ 48.Kh2 Be5+ 49.g3 Rd2+ 50.Kg1 Rb2  0-1

[Event "NLD-chT9596"]
[Site "?"]
[Date "1995.??.??"]
[Round "?"]
[White "Scholl, Eduard C"]
[Black "Van Gaalen, Bas"]
[Result "0-1"]
[WhiteElo "2385"]
[BlackElo "2375"]

1.e4 c5 2.Nf3 d6 3.Bb5+ Nd7 4.d4 Nf6 5.O-O cxd4 6.Qxd4 a6 7.Bxd7+ Bxd7 8.Bg5 e6
9.Nc3 Bc6 10.Nd5 Bxd5 11.exd5 e5 12.Bxf6 Qxf6 13.Qb6 Rb8 14.c4 Be7 15.Qe3 O-O
16.c5 dxc5 17.Qxe5 Rbd8 18.Rad1 Rd7 19.b3 Rfd8 20.Qe4 Qg6 21.Qe3 Qh5 22.Qe4 Bf8
23.h3 Qg6 24.Qxg6 hxg6 25.Rfe1 Rxd5 26.Rxd5 Rxd5 27.Re8 f6 28.Rb8 Rd7 29.Kf1 Kf7
30.Ke2 Bd6 31.Rc8 g5 32.a4 Be7 33.Nd2 Rd4 34.Nc4 b5 35.axb5 axb5 36.Ne3 Bd6  0-1

[Event "NLD-chT9596"]
[Site "?"]
[Date "1995.??.??"]
[Round "?"]
[White "Winants, Luc"]
[Black "Klarenbeek, Hans"]
[Result "1/2-1/2"]
[WhiteElo "2500"]
[BlackElo "2425"]

1.e4 c5 2.Nf3 d6 3.Bb5+ Bd7 4.Bxd7+ Nxd7 5.c4 Ne5 6.Nxe5 dxe5 7.Qa4+ Qd7
8.Qxd7+ Kxd7 9.d3 e6 10.Be3 Bd6 11.a3 b6 12.Nc3 Ne7 13.Ke2 Nc6 14.Rhb1 f5
15.Kf1 f4 16.Bd2 Rhd8 17.Na4 Be7 18.Bc3 Kc7 19.Ke2 a5 20.h4 g6 21.Rh1 Rd7
22.Rad1 Rf8 23.Rh3 h6 24.Rb1 Rfd8 25.b3 Rb8 26.Nb2 Rdd8 27.Rhh1 Rb7 28.g3 Rf8
29.gxf4 exf4 30.Rbg1 Bf6 31.Na4 Bxc3 32.Nxc3 Nd4+ 33.Kd1 Rg8 34.Rg4 e5 35.Rhg1 g5
36.hxg5 h5 37.R4g2 Kc6 38.Nd5 Nf3 39.Rh1 Rbg7 40.Rxh5 Rxg5 41.Rh6+ Kb7 42.Rh7+ Kb8
43.Rxg5 Rxg5 44.Ke2 Nd4+ 45.Kf1 Nf3 46.Rh1 Kb7  1/2-1/2

[Event "NOR-ch"]
[Site "?"]
[Date "1995.??.??"]
[Round "6"]
[White "Gausel, Einar"]
[Black "Tisdall, Jonathan D"]
[Result "1/2-1/2"]
[WhiteElo "2490"]
[BlackElo "2470"]

1.e4 c5 2.Nf3 d6 3.Bb5+ Bd7 4.Bxd7+ Qxd7 5.O-O Nf6 6.Re1 Nc6 7.c4 e6 8.d4 cxd4
9.Nxd4 Be7 10.Nc3 O-O 11.b3 a6 12.a4 b6 13.Bb2 Rfd8 14.Rc1 Rac8 15.Nc2 Qb7
16.Ne3 Ne5 17.f4  1/2-1/2

[Event "Novgorod op"]
[Site "Novgorod"]
[Date "1995.??.??"]
[Round "2"]
[White "Iordachescu, Viorel"]
[Black "Dvoirys, Semen I"]
[Result "1/2-1/2"]
[WhiteElo "2425"]
[BlackElo "2550"]

1.e4 c5 2.Nf3 d6 3.Bb5+ Nc6 4.Bxc6+ bxc6 5.O-O e5 6.c3 Nf6 7.Re1 Bg4 8.d3 Be7
9.Nbd2 O-O 10.h3 Be6 11.d4 exd4 12.cxd4 Nd7 13.Nf1 d5 14.Ng3 c4 15.Qc2 Re8
16.Bd2 Nf8 17.Rad1 dxe4 18.Nxe4 Bd5 19.Ne5 Ne6 20.Nxc4 Nxd4 21.Qd3 Ne6 22.Bc3 Qc7
23.Be5 Bxc4 24.Qc3 Bb4 25.Qxb4 Qxe5 26.Qxc4 Qxb2  1/2-1/2

[Event "Novosibirsk"]
[Site "Novosibirsk"]
[Date "1995.??.??"]
[Round "10"]
[White "Rublevsky, Sergei"]
[Black "Ruban, Vadim"]
[Result "1-0"]
[WhiteElo "2595"]
[BlackElo "2535"]

1.e4 c5 2.Nf3 d6 3.Bb5+ Nd7 4.d4 cxd4 5.Qxd4 Nf6 6.Bg5 e6 7.Nc3 a6 8.Bxd7+ Bxd7
9.O-O-O h6 10.Bh4 Be7 11.Rhe1 Qc7 12.e5 dxe5 13.Nxe5 Rd8 14.Bg3 Qc8 15.Qe3 O-O
16.Qf3 Bc6 17.Nxc6 Qxc6 18.Qxc6 bxc6 19.Na4 Nd5 20.a3 g5 21.c4 Nf6 22.Kc2 Kg7
23.Bc7 Rxd1 24.Rxd1 Rc8 25.Be5 Kg6 26.Bxf6 Kxf6 27.Nb6 Rg8 28.Nd7+ Kf5 29.Rd3 e5
30.Rb3 Rd8 31.Rb7 Ke6 32.Nxe5 Rc8 33.Nd3 Bd6 34.h3 h5 35.Ra7 Rg8 36.Rxa6 g4
37.hxg4 Rxg4 38.c5 Be7 39.Rxc6+ Kd5 40.Rc7  1-0

[Event "Noyabrsk"]
[Site "Noyabrsk"]
[Date "1995.??.??"]
[Round "2"]
[White "Kochetkov, German"]
[Black "Zagrebelny, Sergey"]
[Result "0-1"]
[WhiteElo "2465"]
[BlackElo "2510"]

1.e4 c5 2.Nf3 d6 3.Bb5+ Bd7 4.Bxd7+ Nxd7 5.O-O Ngf6 6.Re1 e6 7.c4 Ne5 8.d3 Be7
9.Nc3 O-O 10.a3 Nfd7 11.Nxe5 dxe5 12.Rb1 Nb8 13.b4 cxb4 14.axb4 Nc6 15.b5 Nd4
16.Be3 a5 17.bxa6 bxa6 18.Rb7 Rb8 19.Rxb8 Qxb8 20.Bxd4 exd4 21.Ne2 Qb2 22.Qc1 Rb8
23.c5 Qb4 24.c6 Rc8 25.Kf1 Qb6 26.Qb1 Rxc6 27.Qxb6 Rxb6 28.Nxd4 Rd6 29.Nc2 Rxd3
30.Ke2 Rb3 31.Ra1 Rb6 32.Ne3 Rc6 33.Rb1 g5 34.Rb7 Kf8 35.g3 h5 36.h3 Bf6
37.Kd3 Rd6+ 38.Ke2 Rd4 39.Ra7 Ra4 40.Kd3 Ra2 41.f4 Ra3+ 42.Ke2 Be7 43.Ra8+ Kg7
44.fxg5 Bxg5 45.Nf1 a5 46.h4 Bh6 47.Kf2 a4 48.Nh2 Ra2+ 49.Kg1 a3 50.Nf3 Be3+
51.Kh1 Rf2  0-1

[Event "Pamplona op"]
[Site "Pamplona"]
[Date "1995.??.??"]
[Round "?"]
[White "Danailov, Silvio"]
[Black "Vera, Reynaldo"]
[Result "1/2-1/2"]
[WhiteElo "2445"]
[BlackElo "2500"]

1.e4 c5 2.Nf3 d6 3.Bb5+ Bd7 4.Bxd7+ Qxd7 5.O-O Nc6 6.Re1 Nf6 7.b3 e6 8.Bb2 Be7
9.d4 cxd4 10.Nxd4 O-O 11.c4 Rfd8 12.Nc3 a6 13.Nxc6 Qxc6 14.Qe2 Rab8 15.Rac1  1/2-1/2

[Event "Pardubice op"]
[Site "Pardubice"]
[Date "1995.??.??"]
[Round "?"]
[White "Pedzich, Dominik"]
[Black "Vaulin, Alexander"]
[Result "0-1"]
[WhiteElo "2400"]
[BlackElo "2490"]

1.e4 c5 2.Nf3 d6 3.Bb5+ Nd7 4.O-O Nf6 5.Re1 a6 6.Bxd7+ Nxd7 7.c3 e6 8.d4 Be7
9.Bf4 O-O 10.dxc5 Nxc5 11.b4 e5 12.Bc1 Nd7 13.c4 Nb6 14.c5 dxc5 15.Qxd8 Rxd8
16.Be3 Na4 17.bxc5 Bxc5 18.Bxc5 Nxc5 19.Nxe5 Nxe4 20.Na3 Nd6 21.Nc2 Be6 22.Nd4 Bd5
23.a4 Re8 24.f3 Rad8 25.Kf2 Be4 26.Ng4 Nc4 27.Nb3 Bc6 28.a5 f5 29.Ne3 Nb2
30.Nc5 Re5 31.Re2 f4 32.Nf1 Rxe2+ 33.Kxe2 Bb5+ 34.Kf2 Rd5 35.Ne4 Bxf1 36.Kxf1 Nc4
37.Rc1 Nxa5 38.Rc7 h6 39.g3 fxg3 40.hxg3 Rf5 41.Kg2 Rf7 42.Rc8+ Kh7 43.g4 Nb3
44.Rd8 Rc7 45.f4 Nc5 46.Nd6 Ne6 47.Rb8 Nxf4+ 48.Kf3 Ne6 49.Nxb7 Rc3+ 50.Ke4 Rb3
51.Kd5 Rb6  0-1

[Event "World op"]
[Site "Philadelphia"]
[Date "1995.??.??"]
[Round "3"]
[White "Curdo, John"]
[Black "Davin, Patrick"]
[Result "1/2-1/2"]
[WhiteElo "2275"]
[BlackElo "2225"]

1.e4 c5 2.Nf3 d6 3.Bb5+ Bd7 4.Bxd7+ Qxd7 5.O-O Nc6 6.c3 Nf6 7.d4 Nxe4 8.d5 Ne5
9.Re1 Nf6 10.Nxe5 dxe5 11.Rxe5 O-O-O 12.c4 e6 13.Nc3 Bd6 14.Re1 exd5 15.Nxd5 Nxd5
16.Qxd5 Rhe8 17.Rxe8 Qxe8 18.Qf5+ Kb8 19.Bf4  1/2-1/2

[Event "World op"]
[Site "Philadelphia"]
[Date "1995.??.??"]
[Round "6"]
[White "Curdo, John"]
[Black "Fedorowicz, John P"]
[Result "0-1"]
[WhiteElo "2275"]
[BlackElo "2510"]

1.e4 c5 2.Nf3 d6 3.Bb5+ Nd7 4.d4 Nf6 5.O-O cxd4 6.Qxd4 e5 7.Qd3 h6 8.c4 Be7
9.Nc3 O-O 10.Bxd7 Bxd7 11.Be3 a6 12.Rad1 Qc7 13.b3 b5 14.Nd5 Nxd5 15.cxd5 Qb7
16.Nd2 Rac8 17.Rc1 Rxc1 18.Rxc1 Rc8 19.Rxc8+ Qxc8 20.f3 Qc1+ 21.Nf1 Qa1 22.Qc2 b4
23.Kf2 Bh4+ 24.Kg1 Kh7 25.Bc1 Bb5 26.Qb2 Qxb2 27.Bxb2 Bd8 28.Kf2 Bb6+ 29.Ke1 Kg6
30.Ng3 Bc5 31.Kd2 f6 32.Nf5 h5 33.g3 Kf7 34.Ne3 a5 35.Nc2 g6 36.a3 f5 37.axb4 axb4
38.Ne3 f4 39.gxf4 exf4 40.Nc4 g5 41.e5 Bxc4 42.bxc4 g4 43.Ke2 b3 44.exd6 Bxd6
45.Kf2 Be7 46.fxg4 hxg4  0-1

[Event "World op"]
[Site "Philadelphia"]
[Date "1995.??.??"]
[Round "7"]
[White "Burnett, Ronald"]
[Black "Ulfarsson, Magnus Orn"]
[Result "1-0"]
[WhiteElo "2370"]
[BlackElo "2225"]

1.e4 c5 2.Nf3 d6 3.Bb5+ Nd7 4.O-O Nf6 5.Re1 a6 6.Bf1 e6 7.b3 Be7 8.Bb2 O-O
9.d4 cxd4 10.Qxd4 Qc7 11.c4 b6 12.Nc3 Bb7 13.Rad1 Rfd8 14.Nd2 Rac8 15.g3 Bf8
16.Bg2 Nc5 17.Ndb1 Qb8 18.Na3 Qa8 19.Qe3 Bc6 20.Nc2 h6 21.h3 Bb7 22.Kh2 d5
23.exd5 exd5 24.Nxd5 Nxd5 25.cxd5 Bxd5 26.Rxd5 Rxd5 27.Nb4 Rcd8 28.Nxd5 Rxd5
29.Qf3 Nd3 30.Rd1 Nxb2 31.Rxd5  1-0

[Event "World op"]
[Site "Philadelphia"]
[Date "1995.??.??"]
[Round "9"]
[White "Curdo, John"]
[Black "Einarsson, Bergsteinn"]
[Result "1-0"]
[WhiteElo "2265"]
[BlackElo "2140"]

1.e4 c5 2.Nf3 d6 3.Bb5+ Bd7 4.Bxd7+ Nxd7 5.O-O g6 6.c3 Bg7 7.d4 cxd4 8.cxd4 e6
9.Nc3 Ne7 10.Bf4 e5 11.Bg5 Nb6 12.dxe5 dxe5 13.Qb3 f6 14.Rfd1 Qc8 15.Nb5 Nc4
16.Rac1  1-0

[Event "Plzen opJ"]
[Site "Plzen"]
[Date "1995.??.??"]
[Round "7"]
[White "Fuksik, Jakub"]
[Black "Cvek, Robert"]
[Result "1/2-1/2"]
[WhiteElo "2185"]
[BlackElo "2285"]

1.e4 c5 2.Nf3 d6 3.Bb5+ Bd7 4.Bxd7+ Qxd7 5.c4 Nc6 6.Nc3 Nf6 7.O-O e6 8.d4 cxd4
9.Nxd4 Be7 10.Be3 O-O 11.Qe2 a6 12.Rac1 Rfc8 13.Rfd1 Qc7 14.b3 Qa5 15.Nxc6 Rxc6
16.Bd4 Rac8 17.a4 Qb4 18.Rb1 h6 19.f4 Qa5 20.Rd3 Qh5 21.Rf3 Ne8 22.Rbf1 Bd8
23.f5 Bf6 24.Qd2 Qg5 25.Qd3 Bxd4+ 26.Qxd4 Qe7 27.Qf2 Nf6 28.Qh4 Rc5 29.fxe6 fxe6
30.Rg3 Kh7 31.Rd3 Re5 32.Rfd1 Rc6  1/2-1/2

[Event "Policka op"]
[Site "Policka"]
[Date "1995.??.??"]
[Round "6"]
[White "Kholmov, Ratmir D"]
[Black "Zontakh, Andrey"]
[Result "1/2-1/2"]
[WhiteElo "2445"]
[BlackElo "2460"]

1.e4 c5 2.Nf3 d6 3.Bb5+ Nd7 4.O-O Nf6 5.Re1 a6 6.Bf1 e6 7.c3 b5 8.d4 Bb7
9.e5 Nd5 10.Bg5 Qc7 11.Nbd2 dxe5 12.dxe5 h6 13.Bh4 c4 14.a4 Bc5 15.axb5 axb5
16.Rxa8+ Bxa8 17.Ne4 O-O 18.Bg3 Be7 19.Nd4 Qb6 20.Qd2 Nc5 21.Nd6 Bxd6 22.exd6 Nf6
23.Nc2 Rd8 24.Rd1 Nfe4 25.Qd4 Nxg3 26.hxg3 Bd5 27.Ne3 Qc6 28.Qe5 Nb7 29.Nc2 Qxd6
30.Qxd6 Nxd6 31.Ne3 Bc6 32.f3 Kf8 33.b3 cxb3 34.Rb1 Rc8 35.Rxb3 Bd7 36.Ra3 Ke7
37.Kf2 h5 38.g4 hxg4 39.Nxg4 Rc5 40.Ne3 f5 41.Ke1 g5 42.Kd2 Kf6 43.Ra7 Be8
44.Bd3 Nf7 45.c4 Ne5 46.cxb5 Bxb5 47.Bxb5 Rxb5 48.Ra2 Rb3 49.Ke2 g4 50.fxg4 f4
51.Nf1 Nxg4 52.Nd2 Re3+ 53.Kf1 Ne5 54.Ra4 Ng6 55.Kf2 Kf5 56.Nf3 Rd3 57.Ra5+ Kf6
58.g3 fxg3+ 59.Kxg3 Nh4 60.Kxh4 Rxf3 61.Kg4 Rf1 62.Ra3 Rf5 63.Rb3 Kg6 64.Rb6 Kf6
65.Rb4  1/2-1/2

[Event "Riga zt"]
[Site "Riga"]
[Date "1995.??.??"]
[Round "12"]
[White "Rausis, Igors"]
[Black "Rytshagov, Mikhail"]
[Result "1/2-1/2"]
[WhiteElo "2495"]
[BlackElo "2485"]

1.e4 c5 2.Nf3 d6 3.Bb5+ Bd7 4.Qe2 a6 5.Bxd7+ Nxd7 6.a4 Ngf6 7.O-O g6 8.e5 dxe5
9.Nxe5 Bg7 10.d3 O-O 11.Nxd7 Qxd7 12.a5 Nd5 13.Na3 Rac8 14.Nc4 Rfe8 15.Bd2  1/2-1/2

[Event "Andalucia-ch"]
[Site "Rincon de La Victoria"]
[Date "1995.??.??"]
[Round "1"]
[White "Manrique Alamos, Antonio"]
[Black "Barrero Garcia, C."]
[Result "0-1"]
[WhiteElo "2200"]
[BlackElo "1920"]

1.e4 c5 2.Nf3 d6 3.Bb5+ Bd7 4.Bxd7+ Qxd7 5.O-O g6 6.c3 Nf6 7.Qe2 Bg7 8.d4 O-O
9.e5 Nd5 10.c4 Nc7 11.dxc5 dxc5 12.Nc3 Nc6 13.Qe4 Rad8 14.Bf4 Qd3 15.Rad1 Qxe4
16.Nxe4 b6 17.Bg3 Ne6 18.Rfe1 Nb4 19.Nc3 Nd4 20.Nxd4 cxd4 21.Nb5 Nc6 22.Nc7 e6
23.Na6 Rd7 24.Rd3 h5 25.h3 Rc8 26.b3 Kf8 27.Re4 Ke7 28.f4 f5 29.Re1 Bh6 30.h4 Re8
31.Kf2 Kd8 32.Kf3 Bf8 33.Rb1 Kc8 34.b4 Kb7 35.b5 Na5 36.Rbd1 Red8 37.Bf2 Nxc4
38.Rb1 Na3 39.Rbb3 Nxb5 40.Nb4 Nc3 41.a3 Ne4 42.Rd1 a5 43.Nc2 Bc5 44.Bxd4 Bxd4
45.Rdd3 Nf2  0-1

[Event "Andalucia-ch"]
[Site "Rincon de La Victoria"]
[Date "1995.??.??"]
[Round "5"]
[White "Manrique Alamos, Antonio"]
[Black "Martos Exposito, Manuel"]
[Result "1-0"]
[WhiteElo "2200"]
[BlackElo "2125"]

1.e4 c5 2.Nf3 d6 3.Bb5+ Nd7 4.d4 Nf6 5.Nc3 a6 6.Bxd7+ Nxd7 7.O-O e6 8.dxc5 Nxc5
9.Bg5 Qc7 10.Re1 f6 11.Bf4 b5 12.a3 Be7 13.Qe2 O-O 14.Rad1 Nd7 15.Rd3 Nb6
16.Red1 Rd8 17.Bc1 Bd7 18.Nd4 Rac8 19.Qg4 e5 20.Nf5 Bxf5 21.Qxf5 Bf8 22.Rh3 h6
23.Rdd3 Qf7 24.Rdg3 g5 25.Rf3 Bg7 26.Rhg3 Rc7 27.h4 Qd7 28.Qg6 Qe8 29.Qf5 Qd7
30.Qg6 Rf8 31.hxg5 fxg5 32.Be3 Rxc3 33.Rxf8+ Kxf8 34.bxc3 Kg8 35.Rf3 Nc4
36.Rf6 Qd8 37.Rf7  1-0

[Event "Rishon Le Ziyyon YM"]
[Site "Rishon Le Ziyyon"]
[Date "1995.??.??"]
[Round "2"]
[White "Oratovsky, Michael"]
[Black "Shmuter, Leonid"]
[Result "1-0"]
[WhiteElo "2535"]
[BlackElo "2480"]

1.e4 c5 2.Nf3 d6 3.Bb5+ Bd7 4.Bxd7+ Qxd7 5.c4 Nc6 6.Nc3 Nf6 7.O-O e6 8.d4 cxd4
9.Nxd4 Be7 10.b3 O-O 11.Bb2 a6 12.Re1 Rfd8 13.Nxc6 Qxc6 14.Rc1 b6 15.a4 Rac8
16.Re3 Qb7 17.Rg3 Ne8 18.Qe2 Bf6 19.f4 g6 20.Rd1 b5 21.axb5 axb5 22.cxb5 d5
23.exd5 exd5 24.Rgd3 Nc7 25.h3 Bxc3 26.Rxc3 d4 27.Rc5 Qb6 28.Qc4 d3 29.Kh2 d2
30.Rc6 Qa5 31.b6 Qh5 32.Rxc7 Rf8 33.Rxd2  1-0

[Event "ROM-chT"]
[Site "ROM"]
[Date "1995.??.??"]
[Round "?"]
[White "Negulescu, Adrian"]
[Black "Marin, Mihail"]
[Result "1-0"]
[WhiteElo "2380"]
[BlackElo "2540"]

1.e4 c5 2.Nf3 d6 3.Bb5+ Nd7 4.d4 Nf6 5.Nc3 cxd4 6.Qxd4 e5 7.Qd3 h6 8.O-O a6
9.Bc4 Be7 10.a4 Qc7 11.Qe2 b6 12.Nh4 g6 13.g3 Bb7 14.f3 Kf8 15.Ng2 Kg7 16.Ne3 Ra7
17.Ned5 Nxd5 18.exd5 Bxd5 19.Bxd5 Nf6 20.Bb3 h5 21.Be3 h4 22.a5 bxa5 23.Bxa7 Qxa7+
24.Kg2 Bd8 25.Rfd1 Nh5 26.Qd2 Qe7 27.g4 h3+ 28.Kh1 Qf6 29.Qd3 Nf4 30.Qxd6 Qg5
31.Qxa6 Rh4 32.Qb7 Be7 33.Rd7 Kf8 34.Qa8+ Kg7 35.Qe8  1-0

[Event "ROM-chT"]
[Site "ROM"]
[Date "1995.??.??"]
[Round "?"]
[White "Negulescu, Adrian"]
[Black "Fedorov, Alexei"]
[Result "0-1"]
[WhiteElo "2380"]
[BlackElo "2495"]

1.e4 c5 2.Nf3 d6 3.Bb5+ Nd7 4.d4 Nf6 5.Nc3 a6 6.Bxd7+ Nxd7 7.O-O e6 8.dxc5 Nxc5
9.Bf4 Qc7 10.a4 Be7 11.Nd2 O-O 12.a5 Nd7 13.Be3 b5 14.axb6 Nxb6 15.Qh5 Rb8
16.f4 Nd7 17.Nb3 Nf6 18.Qe2 Rb4 19.Bd4 Bb7 20.e5 Nd7 21.exd6 Bxd6 22.Qd2 e5
23.Bxe5 Nxe5 24.Kh1 Ng6 25.Nd1 Rb5 26.Ra5 Bb4  0-1

[Event "RUS Army-ch"]
[Site "RUS"]
[Date "1995.??.??"]
[Round "?"]
[White "Komliakov, Viktor"]
[Black "Ivanov, Timur"]
[Result "1-0"]
[WhiteElo "2535"]
[BlackElo "2425"]

1.e4 c5 2.Nf3 d6 3.Bb5+ Bd7 4.Bxd7+ Qxd7 5.c4 Nf6 6.Nc3 Nc6 7.O-O e6 8.d4 cxd4
9.Nxd4 Be7 10.Nde2 O-O 11.Qd2 Rfd8 12.Rd1 Rac8 13.b3 a6 14.Qe3 Qc7 15.Qg3 Qa5
16.Bd2 Qe5 17.Bf4 Qc5 18.Be3 Qe5 19.Bb6 Qxg3 20.hxg3 Re8 21.Rd2 Nd7 22.Be3 Rb8
23.Bf4 Nde5 24.Nd4 Rec8 25.Nxc6 Rxc6 26.a4 Kf8 27.f3 Ke8 28.Rad1 h5 29.Kf1 g6
30.a5 Rc5 31.Na4 Rxa5 32.c5 g5 33.cxd6 gxf4 34.dxe7 Kxe7 35.gxf4 Nc6 36.Rd7+ Ke8
37.Rc7 Rd8 38.Rxd8+ Nxd8 39.Nc5 Rb5 40.e5 a5 41.Kf2 h4 42.g4 Rb6 43.Kg2 Rc6
44.Rxc6 Nxc6 45.Nxb7 Kd7 46.g5 Nd4 47.Nxa5 Ne2 48.Kh3 Nxf4+ 49.Kg4 h3 50.Kg3 Ke7
51.Nc4 Kd7 52.b4 Kc6 53.Nd6 Kd5 54.Nxf7 Kc4 55.Nh6 Kxb4 56.Ng4 Ng6 57.Kxh3 Kc5
58.Kg3 Kd4 59.f4 Ke4 60.Nf6+ Kf5 61.Nh5 Ne7 62.Kf3 Kg6 63.Kg4 Kf7 64.Ng3 Kg6
65.Ne2 Nc6 66.Ng1 Nd4 67.Nf3 Nc6 68.Nh4+ Kg7 69.Kh5  1-0

[Event "Salta Clarin op"]
[Site "Salta"]
[Date "1995.??.??"]
[Round "2"]
[White "Aparicio, Anibal"]
[Black "Slipak, Sergio"]
[Result "1/2-1/2"]
[WhiteElo "2325"]
[BlackElo "2520"]

1.e4 c5 2.Nf3 d6 3.Bb5+ Bd7 4.Bxd7+ Nxd7 5.c4 g6 6.O-O Bg7 7.Nc3 Ngf6 8.Rb1 a6
9.Qe2 O-O 10.b4 Qc7 11.bxc5 Nxc5 12.d4 Ncd7 13.e5 dxe5 14.dxe5 Ng4 15.Nd5 Qc5
16.e6 Nde5 17.exf7+ Rxf7 18.Ng5 Rff8 19.h3 Nxf2 20.Rxf2 Nxc4 21.Nf4 Bd4 22.Nge6 Bxf2+
23.Kf1 Qe5 24.Kxf2 Qxe2+ 25.Kxe2 Rfc8 26.Nd5 b5 27.Bh6 Ra7 28.Rf1 Rd7 29.Rd1 Rc6
30.Nf8 Rb7 31.Nb4  1/2-1/2